Electron microscopy 1978 : papers presented at the ninth International Congress on Electron Microscopy held in Toronto, Canada, August 1-9, 1978 /

Bibliographic Details
Corporate Authors: International Congress on Electron Microscopy Toronto, Microscopical Society of Canada, Electron Microscopy Society of America
Other Authors: Sturgess, J. M.
Format: Conference Proceeding Book
Language:English
Published: Toronto : Microscopical Society of Canada, [1978]
Subjects:

MARC

Tag First Indicator Second Indicator Subfields
LEADER 00000cam a2200000 i 4500
001 in00000084643
005 20151008053201.0
008 791126s1978 onca b 10110 eng
010 |a  79319279  
015 |a C79-2293-1 
020 |a 0920622062 (v. 1) :  |c $82.00. 
020 |a 0920622070 (v.2). 
020 |a 0920622089 (v.3) 
035 |a (OCoLC)04179459 
035 |9 AAH6562AM 
040 |a DLC  |c DLC  |d OCL  |d TXA  |d UtOrBLW 
049 |a TXAM  |v 1 [981197]  |v 2 [981198]  |v 3 [981199] 
050 0 0 |a QH212.E4  |b I57 1978 
082 0 |a 502/.8 
111 2 |a International Congress on Electron Microscopy  |n (9th :  |d 1978 :  |c Toronto) 
245 1 0 |a Electron microscopy 1978 :  |b papers presented at the ninth International Congress on Electron Microscopy held in Toronto, Canada, August 1-9, 1978 /  |c editor, J. M. Sturgess ; associate editors, V. I. Kalnins, F. P. Ottensmeyer, G. T. Simon. 
264 1 |a Toronto :  |b Microscopical Society of Canada,  |c [1978] 
264 4 |c ©1978 
300 |a 3 volumes :  |b illustrations, graphs ;  |c 27 cm. 
336 |a text  |b txt  |2 rdacontent 
337 |a unmediated  |b n  |2 rdamedia 
338 |a volume  |b nc  |2 rdacarrier 
500 |a "Held ... in conjunction with the 5th annual meeting of the Microscopical Society of Canada and the 36th annual meeting of the Electron Microscopy Society of America." 
504 |a Includes bibliographical references and indexes. 
505 0 |a v. 1. Physics.--v. 2. Biology.--v. 3. State of the art symposia. 
650 0 |a Electron microscopy  |v Congresses. 
650 0 |a Electron microscopy  |x Methodology  |x Congresses. 
700 1 |a Sturgess, J. M. 
710 2 |a Microscopical Society of Canada. 
710 2 |a Electron Microscopy Society of America. 
999 |a MARS 
999 f f |s 676cc82c-304d-347b-a7f8-504d4984e72d  |i 270c5c6f-9939-3d0d-bd46-c701b58028c9  |t 0 
952 f f |p ric  |a Texas A&M University  |b Rellis Campus  |c Joint Library Facility  |d Remote Storage  |t 0  |e QH212.E4 I57 1978  |h Library of Congress classification  |i unmediated -- volume  |k v.3  |m A14816878832 
952 f f |p ric  |a Texas A&M University  |b Rellis Campus  |c Joint Library Facility  |d Remote Storage  |t 0  |e QH212.E4 I57 1978  |h Library of Congress classification  |i unmediated -- volume  |k v.2  |m A14816878785 
952 f f |p ric  |a Texas A&M University  |b Rellis Campus  |c Joint Library Facility  |d Remote Storage  |t 0  |e QH212.E4 I57 1978  |h Library of Congress classification  |i unmediated -- volume  |k v.1  |m A14816878735 
952 f f |a Texas A&M University  |b College Station  |c Sterling C. Evans Library  |d Evans: Library Stacks  |t 0  |e QH212.E4 I57 1978  |h Library of Congress classification 
998 f f |a QH212.E4 I57 1978  |s v.1  |t 0  |l Evans: Library Stacks 
998 f f |a QH212.E4 I57 1978  |s v.2-v.3  |t 0  |l Remote Storage